[Event "VI Sunway Sitges Open 2019"]
[Site "Sitges"]
[Date "2019.12.18"]
[Round "6.17"]
[White "Yankelevich, Lev"]
[Black "Melkumyan, Hrant"]
[Result "1/2-1/2"]
[WhiteElo "2472"]
[BlackElo "2668"]
[Annotator "TA"]
[PlyCount "90"]
[EventDate "2019.12.13"]
[EventType "swiss"]
[EventCountry "ESP"]
[SourceTitle "playchess.com"]
[Source "ChessBase"]
[SourceQuality "1"]

{[%evp 15,90,3,13,7,34,26,31,41,33,13,15,21,18,7,1,-20,0,-31,-21,-18,-13,-17,0,-8,-2,0,-15,-7,0,0,0,0,0,0,0,0,0,0,18,11,14,25,241,241,285,37,48,0,0,0,0,0,0,0,0,5,1300,589,12833,0,0,0,0,0,0,0,0,0,0,0,0,0,0,0,0,0,0]} 1. d4 Nf6 2. c4 g6 3. Nc3 d5 4. cxd5 Nxd5 5. e4 Nxc3 6. bxc3 Bg7 7. Nf3 c5 8. Be3 Qa5 9. Nd2 {D85: Exchange Grünfeld: Unusual White 7th moves and lines with 7 Nf3} (9. Qd2 Nc6 10. Rb1 cxd4 11. cxd4 O-O 12. Qxa5 Nxa5 13. Bd3 Bg4 14. O-O Bxf3 15. gxf3 e6 16. Rfd1 Rfd8 17. Bf1 b6 18. Ba6 {1-0 (37) Carlsen,M (2875)-Vachier Lagrave,M (2779) Zagreb 2019}) 9... Nd7 10. Qc2 O-O 11. Be2 {White is slightly better.} Nf6 12. O-O cxd4 13. cxd4 Ng4 14. Bxg4 $146 ({Predecessor:} 14. Bf4 e5 15. Nc4 Qc7 16. Bg3 b5 {½-½ (35) Grabarchuk,N (2192)-Sanchez Rodenas,J (2325) ICCF email 2013}) 14... Bxg4 15. Nb3 Qa3 16. Rac1 b6 17. Qd2 Rfc8 18. d5 e5 19. f4 (19. h4 {with more complications.} Bf8 20. f3 Bd7 21. h5 gxh5 22. d6) 19... Rxc1 20. Rxc1 exf4 21. Bxf4 Rc8 22. Rxc8+ Bxc8 23. Qc2 $36 {[%mdl 2048] White has the initiative.} Bd7 24. Qc7 Qa4 25. Qb8+ Be8 26. Be5 Bf8 27. h3 f6 28. Bd4 {Strongly threatening e5.} Be7 $2 (28... Bg7 $11 {and Black stays safe.}) 29. e5 $18 Kg7 30. d6 $2 (30. e6 $18 {Black must now prevent d6.} Qb4 31. Bf2 (31. Qxa7 Qe1+ 32. Kh2 Kf8 $18) (31. Qxe8 {is a self mate.} Qe1+ 32. Kh2 Bd6+ 33. Be5 Qxe5+ {[%mdl 64] Double Attack} 34. g3 Qxg3+ 35. Kh1 Qh2#)) 30... fxe5 $14 31. dxe7 exd4 32. Qf4 {[%csl Ge7][%cal Rf4f8]} h6 33. Nxd4 {Ne6+ would kill now.} Kh7 34. Qf6 {And now h4 would win.} Qd1+ 35. Kh2 {h4 is the strong threat.} Qd2 $2 {[%mdl 8192] [#]} (35... Qa1 $11) 36. h4 $1 $18 {Threatens to win with Ne6.} g5 37. Ne6 $2 ({Only move:} 37. hxg5 $18 {White threatens Qxh6+ and mate.} Qxg5 38. Qxg5 hxg5 39. Nf5) 37... Qd6+ $11 {The position is equal.} 38. Kh3 {[%csl Ge6][%cal Rf6g7]} Qd3+ 39. Kh2 $1 {[%csl Ge6][%cal Rf6g7]} Qd6+ 40. Kh3 {[%csl Ge6][%cal Rf6g7]} Qd3+ 41. g3 {[%csl Ge6][%cal Rf6g7]} g4+ $1 {[%mdl 64] [#] Decoy} 42. Kxg4 {[%csl Ge6][%cal Rf6g7]} Qe4+ 43. Kh3 $1 {[%csl Ge6][%cal Rf6g7]} Qh1+ 44. Kg4 {[%csl Ge6][%cal Rf6g7]} Qe4+ 45. Kh3 $1 {[%csl Ge6][%cal Rf6g7]} Qh1+ {Accuracy: White = 66%, Black = 55%.} 1/2-1/2

[Event "VI Sunway Sitges Open 2019"]
[Site "Sitges"]
[Date "2019.12.18"]
[Round "6.18"]
[White "Edouard, Romain"]
[Black "Firat, Burak"]
[Result "1-0"]
[WhiteElo "2653"]
[BlackElo "2475"]
[Annotator "TA"]
[PlyCount "59"]
[EventDate "2019.12.13"]
[EventType "swiss"]
[EventCountry "ESP"]
[SourceTitle "playchess.com"]
[Source "ChessBase"]
[SourceQuality "1"]

{[%evp 13,59,49,54,66,54,54,52,51,97,66,59,35,43,0,0,0,0,0,0,0,0,0,-12,0,0,0,0,0,-6,0,9,0,-1,-51,0,0,216,214,458,454,441,443,1342,1150,29988,29989,29991,29992]} 1. d4 Nf6 2. Bf4 g6 3. Nc3 d6 4. e4 Bg7 5. Qd2 c6 6. Bh6 Bxh6 7. Qxh6 b5 8. e5 {B07: Pirc Defence: Miscellaneous Systems} (8. Bd3 Qa5 9. Nf3 b4 10. Ne2 b3+ 11. c3 Ba6 12. Bxa6 Qxa6 13. e5 Ne4 14. Qe3 f5 15. exf6 Nxf6 {1-0 (53) Barva,A (2371)-Oros,R (2325) Hungary 2019}) 8... dxe5 9. dxe5 Nd5 $1 10. O-O-O {Hoping for Bxb5!White is slightly better.} Be6 11. Nxd5 $146 ({Predecessor:} 11. Nf3 Qa5 12. Qg7 Rf8 13. Nd4 Nxc3 14. bxc3 Nd7 15. Nxc6 Qxc3 16. Bxb5 a6 17. Nxe7 axb5 18. Ng8 Rxa2 19. Nf6+ Nxf6 {0-1 (19) Hros,R (1982)-Sebo,V (2064) Lubovna 2013}) 11... Bxd5 12. Qg7 Rf8 13. e6 ({Better is} 13. Nf3 $14 e6 14. Be2 (14. Qxh7 Nd7 $11)) 13... Qa5 $11 14. exf7+ Rxf7 {[%mdl 64] [#] Double Attack} 15. Qg8+ Rf8 {[%mdl 64] Discovered Attack} 16. Qxh7 Qxa2 17. Qxg6+ Kd8 {White must now prevent ...Qa1+.} 18. Qg7 Rxf2 {[%cal Ra2a1] [#]} 19. Ne2 Nd7 20. Qd4 $36 {[%mdl 2048] White has the initiative.} Qa1+ 21. Kd2 Qa5+ 22. b4 Qb6 {...Qxd4+ is the strong threat.} 23. Ke3 Bxg2 (23... Rf5 $15 24. Nc3 Nf6 25. Qxb6+ axb6) 24. Rg1 Rf3+ $2 (24... Rxf1 $11 {and Black stays safe.} 25. Rdxf1 c5 26. bxc5 Qe6+ 27. Kd2 Bxf1 28. Rxf1 Kc7) 25. Kd2 $18 Bxf1 $2 (25... Qxd4+ {was called for.} 26. Nxd4 Rf2+ 27. Ke3 Rxf1 28. Rdxf1 Bxf1) 26. Rg8+ ({Weaker is} 26. Rgxf1 Rxf1 27. Rxf1 Qxd4+ 28. Nxd4 Kc7 $17) 26... Kc7 27. Rxa8 c5 (27... Kb7 $142) 28. Qh8 Qe6 29. Rxa7+ Kb6 30. Qd8+ {Accuracy: White = 77%, Black = 31%.} 1-0

[Event "VI Sunway Sitges Open 2019"]
[Site "Sitges"]
[Date "2019.12.18"]
[Round "6.19"]
[White "Petrosyan, Manuel"]
[Black "Vogel, Roven"]
[Result "1/2-1/2"]
[WhiteElo "2613"]
[BlackElo "2457"]
[Annotator "TA"]
[PlyCount "107"]
[EventDate "2019.12.13"]
[EventType "swiss"]
[EventCountry "ESP"]
[SourceTitle "playchess.com"]
[Source "ChessBase"]
[SourceQuality "1"]

{[%evp 13,107,9,20,25,35,35,44,23,35,20,26,27,31,31,51,26,44,45,77,29,33,26,17,24,47,45,54,16,33,22,39,40,49,27,23,33,31,25,37,30,50,0,33,16,19,9,14,0,0,5,16,7,33,10,11,4,18,14,29,22,51,8,12,12,12,12,12,16,70,0,0,0,12,8,31,31,31,27,31,31,39,24,26,8,24,24,24,24,27,0,24,24,24,0,24,0]} 1. c4 c6 2. g3 d5 3. Bg2 Nf6 4. Nf3 Bg4 5. Ne5 Be6 6. cxd5 Bxd5 7. Nf3 c5 8. Nc3 {A11: English Opening: 1...c6} Bc6 9. O-O Nbd7 10. a4 $146 {White is slightly better.} ({Predecessor:} 10. d3 g6 11. Qb3 Qb6 12. Nd2 Bxg2 13. Qxb6 Nxb6 14. Kxg2 {½-½ (37) Giri,A (2776)-Navara,D (2751) Montpellier 2015}) 10... e6 11. d3 Bd6 12. e4 Ne5 13. Ne1 {Hoping for f4.} Be7 14. h3 O-O 15. f4 Qd4+ 16. Kh2 Ng6 17. Nc2 Qd7 18. Qe2 Rfd8 19. Rd1 Qc7 20. d4 cxd4 21. Nxd4 e5 22. Nxc6 bxc6 23. Rxd8+ Rxd8 24. f5 Nf8 {[%cal Bg6f8,Bf8d7,Bd7b6][%mdl 32]} 25. Be3 a5 26. Qc4 Qb7 27. Rd1 Rb8 28. Rd2 N8d7 29. Rc2 Qb3 30. Nd1 Qxc4 31. Rxc4 c5 32. Bd2 Nb6 33. Rc2 Nxa4 34. Bxa5 h6 35. Bc7 Rb4 36. Bxe5 Nxe4 37. Nc3 (37. b3 $5 Nb6 38. Re2 $16) 37... Nexc3 38. bxc3 Rb2 39. Rxb2 Nxb2 $11 {[%mdl 4096] Endgame KBB-KBN} 40. Bf1 c4 ({Black should try} 40... Bf6 $11 41. Bd6 c4) 41. Bc7 (41. Kg2 $14) 41... Bf6 42. Ba5 g5 43. Be2 Na4 44. Bxc4 Bxc3 45. Bc7 Nc5 46. Kg2 Nd7 47. Bb5 Nf6 48. Bc6 Kg7 49. Kf3 Ba1 50. Bd6 Bd4 51. Ke2 Bc3 52. Kd3 Bb2 53. Kc4 Ba1 54. Kd3 {Accuracy: White = 42%, Black = 40%.} 1/2-1/2

[Event "VI Sunway Sitges Open 2019"]
[Site "Sitges"]
[Date "2019.12.18"]
[Round "6.20"]
[White "Karthikeyan, Murali"]
[Black "Sardana, Rishi"]
[Result "1/2-1/2"]
[WhiteElo "2611"]
[BlackElo "2428"]
[Annotator "TA"]
[PlyCount "62"]
[EventDate "2019.12.13"]
[EventType "swiss"]
[EventCountry "ESP"]
[SourceTitle "playchess.com"]
[Source "ChessBase"]
[SourceQuality "1"]

{[%evp 9,62,25,19,16,23,0,12,-3,1,-8,-8,-8,-8,-7,0,-13,-8,-13,-5,-5,-10,-42,-46,-59,-45,-55,-36,-36,-11,-22,-24,-22,-29,-13,-14,-16,-16,-7,-10,-14,-17,-16,-16,-43,-28,-61,-8,-1,-1,-79,0,0,0,-78,0]} 1. Nf3 d5 2. g3 g6 3. Bg2 Bg7 4. d4 Nf6 5. O-O Nbd7 (5... O-O 6. c4 c6 7. cxd5 cxd5 8. Ne5 Nc6 9. Nc3 e6 10. Nxc6 bxc6 11. Na4 Nd7 12. Bf4 Qa5 13. Rc1 Ba6 14. b3 Bb5 15. Re1 Bxa4 16. bxa4 Rfc8 17. e4 Qb4 18. Be3 Nb6 19. e5 Qxa4 20. Qb3 Qa6 {1-0 (53) Ding,L (2811)-Shankland,S (2705) chess.com INT 2019}) 6. c4 {D02: 1 d4 d5 2 Nf3 sidelines, including 2...Nf6 3 g3 and 2...Nf6 3 Bf4} dxc4 7. Na3 Nb6 8. Ne5 {The position is equal.} Ng4 9. Naxc4 Nxc4 10. Nxc4 $146 ({Predecessor:} 10. Qa4+ c6 11. Qxc4 Be6 12. Qc3 {0-1 (35) Sjugirov,S (2650)-Fressinet,L (2662) Riadh 2017}) 10... Qxd4 11. Qxd4 Bxd4 12. Bf4 c6 13. h3 Nf6 14. Rfd1 Bc5 15. Bh6 Rg8 16. Bf4 g5 17. Bc7 {[%csl Gc7][%cal Rd1d8] [#]} Kf8 18. Be5 Kg7 19. Rac1 a5 20. Bc3 a4 21. b4 axb3 22. axb3 Be6 23. Na5 b6 24. Nxc6 {[#] And now b4 would win.} Bxb3 25. Rd3 {Bxf6+ is the strong threat.} Ba4 26. Nb4 Rac8 {Threatens to win with ...Bxb4.} 27. Nd5 Rgd8 (27... Kg6 $1 $15) 28. Bb2 $11 Bb5 29. Rdd1 (29. Rdc3 $11 Ba6 30. R3c2) 29... Ba4 (29... Bxe2 $17 30. Re1 Ba6) 30. Rd3 Bb5 ({Black should play} 30... Re8 $11) 31. Rdd1 $17 Ba4 {Accuracy: White = 56%, Black = 68%.} (31... Bxe2 $17 32. Re1 Ba6) 1/2-1/2

[Event "VI Sunway Sitges Open 2019"]
[Site "Sitges"]
[Date "2019.12.18"]
[Round "6.21"]
[White "Haldorsen, Benjamin"]
[Black "Salgado Lopez, Ivan"]
[Result "0-1"]
[WhiteElo "2455"]
[BlackElo "2605"]
[Annotator "TA"]
[PlyCount "162"]
[EventDate "2019.12.13"]
[EventType "swiss"]
[EventCountry "ESP"]
[SourceTitle "playchess.com"]
[Source "ChessBase"]
[SourceQuality "1"]

{[%evp 9,162,12,17,0,10,29,28,15,39,38,51,58,46,2,72,72,72,79,95,99,100,85,93,91,91,80,82,90,90,95,83,56,47,68,78,88,77,78,77,35,44,31,36,19,19,20,20,41,30,0,0,-8,-8,-9,-5,-38,-17,-14,-16,-15,-13,-12,-17,-17,-12,0,-5,-6,0,0,0,0,0,0,0,-39,-40,-93,-93,-102,-93,-93,-93,-93,-93,-93,-93,-129,-133,-161,-149,-163,-132,-137,-137,-201,-192,-227,-220,-227,-214,-210,-223,-236,-175,-223,-185,-244,-247,-246,-239,-244,-233,-235,-239,-239,-238,-261,-251,-253,-137,-131,0,-130,-122,-947,-894,-2295,-2425,-9696,-5550,-29950,-29955,-29959,-29959,-12837,-9721,-4627,0,-10680,-29945,-29950,-29949,-12375,-29944,-5065,-6083,-5072,-5119,-5065,-5065,-5065,-5065,-29985,-29986]} 1. e4 c5 2. Nc3 Nc6 3. Bb5 Nd4 4. Nf3 a6 $146 (4... e6 5. O-O Nxb5 6. Nxb5 a6 7. Nc3 b5 8. d4 cxd4 9. Qxd4 Ne7 10. Bf4 Nc6 11. Qd2 b4 12. Nd5 Ra7 13. Rfe1 f6 14. e5 {½-½ (33) Chigaev,M (2640)-Fedoseev,V (2681) Riga 2019}) 5. Bd3 Nc6 6. O-O {B23: Closed Sicilian: Lines without g3} g6 7. e5 Bg7 8. Re1 {White has an edge.} d5 9. exd6 Qxd6 10. Ne4 Qc7 $1 11. Nxc5 Nb4 (11... Ne5 $1 $11 {remains equal.} 12. Nb3 Nxd3 13. cxd3 Nf6) 12. a3 $16 Nxd3 13. Nxd3 Bf5 14. Nb4 $1 Nf6 15. d4 O-O 16. c3 Rfd8 17. Qe2 a5 18. Nc2 Nd5 19. Ne3 Nf4 20. Qc4 Qxc4 21. Nxc4 Nd3 22. Rxe7 Be6 23. Ne3 Rab8 24. Ng5 Bb3 $1 25. Rc7 Re8 26. h4 Bf6 27. Bd2 Bd8 28. Rd7 Ba4 29. Rxd8 (29. Rd6 {is interesting.} Be7 30. Rd5 b6 31. Ng4 Bc6 32. Re5) 29... Rbxd8 30. Rb1 Bb3 31. Nf3 b5 32. c4 Ba2 33. Ra1 Bxc4 34. Bxa5 Ra8 35. Bc3 Nf4 36. Kh2 Nd5 37. Nxd5 Bxd5 38. Ne5 f6 39. Ng4 Kf7 40. Ne3 Bb3 41. Rc1 Rac8 42. Kg1 Re4 $36 {[%mdl 2048] Black has good play.} 43. g3 {[#]} (43. Re1 $15) 43... Rxd4 $1 $17 {[%mdl 512]} 44. Re1 (44. Bxd4 Rxc1+) 44... Re4 45. f3 Re6 46. Kf2 Rd8 47. Ba5 Rd3 48. Bb4 Bd5 49. Bc3 Bb7 50. f4 h6 51. Re2 Re8 52. Re1 {[#]} (52. Bd2 $17) 52... g5 $1 $19 53. fxg5 hxg5 54. hxg5 fxg5 55. Re2 Kg6 56. Bb4 Re6 57. Bc3 Re7 58. Bb4 (58. Nf1 $142 Rf3+ 59. Ke1) 58... Rf7+ 59. Kg1 Rf3 60. Nf1 Rd7 61. Re6+ Rf6 62. Rxf6+ Kxf6 {[%mdl 4096] Endgame KRB-KBN} 63. Kf2 Kf5 64. Bd2 Rd3 (64... Kg4 $19 65. Ne3+ Kh3) 65. Ke2 $17 Rd7 ({Black should try} 65... Rf3 $17 {White must now prevent ...g4.} 66. Be1 Ke5) 66. Ne3+ (66. Kf2 $1 $11 {was the only way to keep the balance.} Kg4 67. Ne3+ Kh3 68. Be1) 66... Kg6 67. Ng4 $2 {[%mdl 8192] [#]} (67. Be1 $17) 67... Bf3+ $1 $19 {[%mdl 576] Deflection} 68. Kxf3 Rxd2 {KR-KN} 69. Ne5+ {[#]} Kf5 $1 70. Nc6 Rxb2 71. g4+ Ke6 72. Ke4 Re2+ 73. Kf3 Rb2 (73... Rd2 $142 74. Ke3 Rg2) 74. Ke4 $1 Kd6 75. Nd4 Kc5 76. Ne6+ Kc4 77. Nxg5 Re2+ 78. Kf4 Ra2 79. Ne4 Rxa3 80. g5 Kd5 {( -> ...Ra4!)} 81. g6 {[#]} Ra4 $1 {Accuracy: White = 51%, Black = 73%.} 0-1

[Event "VI Sunway Sitges Open 2019"]
[Site "Sitges"]
[Date "2019.12.18"]
[Round "6.22"]
[White "Song, Raymond"]
[Black "Svane, Rasmus"]
[Result "0-1"]
[WhiteElo "2468"]
[BlackElo "2597"]
[Annotator "ChessBase"]
[PlyCount "93"]
[EventDate "2019.12.13"]
[EventType "swiss"]
[EventCountry "ESP"]
[SourceTitle "playchess.com"]
[Source "ChessBase"]
[SourceQuality "1"]
[TimeControl "40/5400+30:1800+30"]

1. d4 {[%emt 0:00:00]} d5 {[%emt 0:00:00]} 2. c4 {[%emt 0:00:00]} e6 {[%emt 0:00:00]} 3. Nf3 {[%emt 0:00:00]} a6 {[%emt 0:00:00]} 4. Nbd2 {[%emt 0:00:00]} dxc4 {[%emt 0:10:52]} 5. Nxc4 {[%emt 0:00:06]} b5 {[%emt 0:00:30]} 6. Nce5 {[%emt 0:00:07]} Bb7 {[%emt 0:04:08]} 7. g3 {[%emt 0:01:56]} Nd7 {[%emt 0:05:40]} 8. Nxd7 {[%emt 0:02:24]} Bxf3 {[%emt 0:01:19]} 9. exf3 {[%emt 0:00:18]} Qxd7 {[%emt 0:00:59]} 10. Be2 {[%emt 0:08:57]} Bb4+ {[%emt 0:06:36]} 11. Kf1 {[%emt 0:00:07]} Ne7 {[%emt 0:00:21]} 12. a4 {[%emt 0:01:26]} O-O {[%emt 0:05:56]} 13. Be3 {[%emt 0:00:40]} Ba5 {[%emt 0:09:38]} 14. axb5 {[%emt 0:06:27]} axb5 {[%emt 0:00:09]} 15. Kg2 {[%emt 0:04:13]} Bb6 {[%emt 0:04:55]} 16. Qd3 {[%emt 0:00:38]} c6 {[%emt 0:00:40]} 17. f4 {[%emt 0:03:27]} Rad8 {[%emt 0:11:52]} 18. Rhd1 {[%emt 0:03:46]} Nf5 {[%emt 0:00:23]} 19. Bf3 {[%emt 0:02:59]} Bxd4 {[%emt 0:08:16]} 20. Be4 {[%emt 0:15:53]} Bxb2 {[%emt 0:07:14]} 21. Qxd7 {[%emt 0:01:20]} Nxe3+ {[%emt 0:01:33]} 22. fxe3 {[%emt 0:00:05]} Rxd7 {[%emt 0:00:06]} 23. Rxd7 {[%emt 0:00:04]} Bxa1 {[%emt 0:00:08]} 24. Bxc6 {[%emt 0:00:28]} b4 {[%emt 0:00:05]} 25. Rb7 {[%emt 0:02:48]} Bc3 {[%emt 0:00:12]} 26. Kf3 {[%emt 0:00:53]} g6 {[%emt 0:01:32]} 27. g4 {[%emt 0:00:08]} Rc8 {[%emt 0:00:37]} 28. Bd7 {[%emt 0:00:49]} Rd8 {[%emt 0:01:41]} 29. e4 {[%emt 0:09:24]} Kf8 {[%emt 0:02:14]} 30. e5 {[%emt 0:04:12]} Ra8 {[%emt 0:03:33]} 31. f5 {[%emt 0:00:37]} exf5 {[%emt 0:02:27]} 32. gxf5 {[%emt 0:01:13]} Bxe5 {[%emt 0:02:02]} 33. h4 {[%emt 0:09:20]} Rb8 {[%emt 0:04:34]} 34. Rxb8+ {[%emt 0:06:33]} Bxb8 {[%emt 0:00:05]} 35. fxg6 {[%emt 0:02:57]} hxg6 {[%emt 0:00:10]} 36. Ba4 {[%emt 0:00:03]} Kg7 {[%emt 0:01:47]} 37. Bb3 {[%emt 0:00:36]} f5 {[%emt 0:03:57]} 38. Be6 {[%emt 0:02:53]} Kf6 {[%emt 0:00:22]} 39. Bb3 {[%emt 0:00:21]} Bd6 {[%emt 0:00:16]} 40. Ba2 {[%emt 0:00:00]} Be5 {[%emt 0:00:00]} 41. Bb3 {[%emt 0:00:36]} Bc3 {[%emt 0:01:00]} 42. Ke2 {[%emt 0:01:48]} Kg7 {[%emt 0:02:34]} 43. Be6 {[%emt 0:01:43]} Kh6 {[%emt 0:02:17]} 44. Kd3 {[%emt 0:00:25]} Kh5 {[%emt 0:01:59]} 45. Bf7 {[%emt 0:00:08]} Bf6 {[%emt 0:04:41]} 46. Kc4 {[%emt 0:00:04]} Be7 {[%emt 0:00:07]} 47. Kd4 {[%emt 0:00:07]} 0-1

[Event "VI Sunway Sitges Open 2019"]
[Site "Sitges"]
[Date "2019.12.18"]
[Round "6.23"]
[White "Lopez Martinez, Josep Manuel"]
[Black "Low, Zhen Yu Cyrus"]
[Result "1-0"]
[WhiteElo "2561"]
[BlackElo "2420"]
[Annotator "ChessBase"]
[PlyCount "89"]
[EventDate "2019.12.13"]
[EventType "swiss"]
[EventCountry "ESP"]
[SourceTitle "playchess.com"]
[Source "ChessBase"]
[SourceQuality "1"]
[TimeControl "40/5400+30:1800+30"]

1. e4 {[%emt 0:08:26]} c5 {[%emt 0:00:00]} 2. Nf3 {[%emt 0:01:11]} Nc6 {[%emt 0:00:00]} 3. Nc3 {[%emt 0:01:17]} d6 {[%emt 0:00:00]} 4. d4 {[%emt 0:00:44]} cxd4 {[%emt 0:00:05]} 5. Nxd4 {[%emt 0:00:07]} Nf6 {[%emt 0:00:05]} 6. Bg5 {[%emt 0:00:36]} e6 {[%emt 0:00:07]} 7. Qd2 {[%emt 0:00:40]} a6 {[%emt 0:00:06]} 8. O-O-O {[%emt 0:02:21]} Bd7 {[%emt 0:00:11]} 9. f3 {[%emt 0:01:10]} Be7 {[%emt 0:00:20]} 10. h4 {[%emt 0:00:23]} h6 {[%emt 0:00:06]} 11. Be3 {[%emt 0:00:08]} h5 {[%emt 0:00:06]} 12. Bg5 {[%emt 0:01:07]} Qc7 {[%emt 0:01:20]} 13. Kb1 {[%emt 0:01:11]} Ne5 {[%emt 0:00:40]} 14. Bd3 {[%emt 0:00:47]} b5 {[%emt 0:03:27]} 15. Rhe1 {[%emt 0:00:27]} b4 {[%emt 0:05:05]} 16. Nce2 {[%emt 0:01:00]} Qb6 {[%emt 0:05:10]} 17. Be3 {[%emt 0:25:12]} Qb7 {[%emt 0:01:20]} 18. Bg5 {[%emt 0:03:28]} a5 {[%emt 0:26:44]} 19. f4 {[%emt 0:02:00]} Neg4 {[%emt 0:00:07]} 20. Ng1 {[%emt 0:00:41]} a4 {[%emt 0:10:24]} 21. e5 {[%emt 0:03:20]} Nd5 {[%emt 0:04:44]} 22. Bxe7 {[%emt 0:00:53]} Nxe7 {[%emt 0:00:15]} 23. Be4 {[%emt 0:03:01]} d5 {[%emt 0:02:38]} 24. Bf3 {[%emt 0:00:31]} g6 {[%emt 0:06:55]} 25. Bxg4 {[%emt 0:08:10]} hxg4 {[%emt 0:00:03]} 26. Qe2 {[%emt 0:00:43]} Rxh4 {[%emt 0:07:16]} 27. g3 {[%emt 0:01:33]} Rh8 {[%emt 0:00:13]} 28. Qxg4 {[%emt 0:00:10]} Qc7 {[%emt 0:00:19]} 29. Nge2 {[%emt 0:02:59]} Nc8 {[%emt 0:04:41]} 30. Rh1 {[%emt 0:04:51]} Rf8 {[%emt 0:00:33]} 31. Qf3 {[%emt 0:03:09]} Nb6 {[%emt 0:00:10]} 32. b3 {[%emt 0:00:20]} Qa7 {[%emt 0:07:57]} 33. Rd2 {[%emt 0:00:31]} O-O-O {[%emt 0:00:36]} 34. c3 {[%emt 0:04:50]} Kb7 {[%emt 0:02:10]} 35. cxb4 {[%emt 0:00:30]} axb3 {[%emt 0:00:04]} 36. axb3 {[%emt 0:00:57]} Ra8 {[%emt 0:00:20]} 37. Qc3 {[%emt 0:00:22]} Qa3 {[%emt 0:02:16]} 38. Rh7 {[%emt 0:00:11]} Rfc8 {[%emt 0:03:11]} 39. Qb2 {[%emt 0:00:14]} Qxb4 {[%emt 0:02:54]} 40. Rxf7 {[%emt 0:00:00]} Ra3 {[%emt 0:00:00]} 41. Rc2 {[%emt 0:11:35]} Rca8 {[%emt 0:21:49]} 42. Nxe6 {[%emt 0:01:20]} Kb8 {[%emt 0:00:14]} 43. Nc5 {[%emt 0:05:45]} Bf5 {[%emt 0:03:25]} 44. Rb7+ {[%emt 0:02:17]} Kc8 {[%emt 0:00:15]} 45. Nd3+ {[%emt 0:00:27]} 1-0

[Event "VI Sunway Sitges Open 2019"]
[Site "Sitges"]
[Date "2019.12.18"]
[Round "6.24"]
[White "Parvanyan, Ashot"]
[Black "Dragnev, Valentin"]
[Result "1-0"]
[WhiteElo "2456"]
[BlackElo "2553"]
[Annotator "ChessBase"]
[PlyCount "83"]
[EventDate "2019.12.13"]
[EventType "swiss"]
[EventCountry "ESP"]
[SourceTitle "playchess.com"]
[Source "ChessBase"]
[SourceQuality "1"]
[TimeControl "40/5400+30:1800+30"]

1. e4 {[%emt 0:00:00]} e5 {[%emt 0:00:00]} 2. Nf3 {[%emt 0:00:00]} Nc6 {[%emt 0:00:00]} 3. d4 {[%emt 0:00:10]} exd4 {[%emt 0:00:00]} 4. Nxd4 {[%emt 0:00:05]} Nf6 {[%emt 0:00:09]} 5. Nxc6 {[%emt 0:00:06]} bxc6 {[%emt 0:00:05]} 6. e5 {[%emt 0:00:06]} Qe7 {[%emt 0:00:19]} 7. Qe2 {[%emt 0:00:06]} Nd5 {[%emt 0:00:08]} 8. h4 {[%emt 0:00:22]} Qe6 {[%emt 0:00:16]} 9. Nd2 {[%emt 0:01:14]} a5 {[%emt 0:00:23]} 10. g3 {[%emt 0:02:56]} Nb4 {[%emt 0:00:59]} 11. Nf3 {[%emt 0:00:42]} Ba6 {[%emt 0:01:03]} 12. c4 {[%emt 0:00:54]} Qg6 {[%emt 0:02:19]} 13. Kd1 {[%emt 0:01:29]} c5 {[%emt 0:00:18]} 14. h5 {[%emt 0:02:45]} Qb6 {[%emt 0:00:10]} 15. Bg2 {[%emt 0:00:31]} h6 {[%emt 0:06:38]} 16. Ke1 {[%emt 0:04:21]} O-O-O {[%emt 0:05:48]} 17. Kf1 {[%emt 0:04:23]} d5 {[%emt 0:10:58]} 18. b3 {[%emt 0:27:51]} Kb8 {[%emt 0:10:36]} 19. Be3 {[%emt 0:17:44]} Be7 {[%emt 0:17:10]} 20. Kg1 {[%emt 0:00:00]} Ka7 {[%emt 0:02:14]} 21. Kh2 {[%emt 0:00:00]} g5 {[%emt 0:17:13]} 22. a3 {[%emt 0:18:57]} Nc6 {[%emt 0:00:00]} 23. b4 {[%emt 0:11:06]} Bxc4 {[%emt 0:00:00]} 24. Qc2 {[%emt 0:00:00]} Nd4 {[%emt 0:01:52]} 25. Bxd4 {[%emt 0:00:00]} cxd4 {[%emt 0:00:00]} 26. bxa5 {[%emt 0:06:39]} Qa6 {[%emt 0:03:28]} 27. Nxd4 {[%emt 0:00:00]} c5 {[%emt 0:00:12]} 28. Nc6+ {[%emt 0:00:00]} Qxc6 {[%emt 0:01:44]} 29. Qxc4 {[%emt 0:00:29]} Qe6 {[%emt 0:00:38]} 30. Qd3 {[%emt 0:05:07]} Qa6 {[%emt 0:07:18]} 31. Qf5 {[%emt 0:02:00]} Qe6 {[%emt 0:07:29]} 32. Qd3 {[%emt 0:00:00]} Qa6 {[%emt 0:02:23]} 33. Qf3 {[%emt 0:00:52]} Qxa5 {[%emt 0:04:24]} 34. Rab1 {[%emt 0:00:00]} Rd7 {[%emt 0:00:00]} 35. Rb2 {[%emt 0:02:54]} c4 {[%emt 0:00:00]} 36. Rhb1 {[%emt 0:00:00]} Rhd8 {[%emt 0:00:51]} 37. Rb5 {[%emt 0:00:00]} Qa6 {[%emt 0:00:36]} 38. Qc3 {[%emt 0:00:00]} d4 {[%emt 0:00:25]} 39. Qf3 {[%emt 0:00:00]} g4 {[%emt 0:00:46]} 40. Rb7+ {[%emt 0:00:00]} Rxb7 {[%emt 0:00:17]} 41. Rxb7+ {[%emt 0:00:00]} Ka8 {[%emt 0:00:01]} 42. Qxf7 {[%emt 0:00:52]} 1-0